Good reading / (Record no. 552006)
[ view plain ]
| 000 -LEADER | |
|---|---|
| fixed length control field | 00841cas a2200229 a 4500 |
| 082 04 - DEWEY DECIMAL CLASSIFICATION NUMBER | |
| Classification number | 011 |
| Author Mark | GOO |
| 245 10 - TITLE STATEMENT | |
| Title | Good reading / |
| Statement of responsibility, etc. | prepared by the Committee on College Reading of the National Council of Teachers of English. |
| 260 ## - PUBLICATION, DISTRIBUTION, ETC. | |
| Place of publication, distribution, etc. | Chicago, Ill. : |
| Name of publisher, distributor, etc. | The Council, |
| Date of publication, distribution, etc. | 1934- |
| 300 ## - PHYSICAL DESCRIPTION | |
| Extent | v. ; |
| Dimensions | 18-23 cm. |
| 490 0# - SERIES STATEMENT | |
| Series statement | 1947- : Pelican books |
| 500 ## - GENERAL NOTE | |
| General note | A guide for college students and adult readers. |
| 500 ## - GENERAL NOTE | |
| General note | Imprint varies. |
| 500 ## - GENERAL NOTE | |
| General note | Issued as: A Mentor book, <1948-> |
| 526 ## - STUDY PROGRAM INFORMATION NOTE | |
| Program name | 0 |
| Interest level | 0 |
| Reading level | 0 |
| Title point value | 011_000000000000000_GOO |
| 650 #0 - SUBJECT ADDED ENTRY--TOPICAL TERM | |
| Topical term or geographic name entry element | Best books |
| 9 (RLIN) | 49189 |
| 650 #0 - SUBJECT ADDED ENTRY--TOPICAL TERM | |
| Topical term or geographic name entry element | MCE |
| 9 (RLIN) | 379 |
| 710 2# - ADDED ENTRY--CORPORATE NAME | |
| Corporate name or jurisdiction name as entry element | College English Association. |
| 9 (RLIN) | 49190 |
| 710 2# - ADDED ENTRY--CORPORATE NAME | |
| Corporate name or jurisdiction name as entry element | Committee on College Reading. |
| 9 (RLIN) | 49191 |
| 710 2# - ADDED ENTRY--CORPORATE NAME | |
| Corporate name or jurisdiction name as entry element | National Council of Teachers of English. |
| 9 (RLIN) | 49192 |
| 710 2# - ADDED ENTRY--CORPORATE NAME | |
| Corporate name or jurisdiction name as entry element | National Council of Teachers of English. |
| 9 (RLIN) | 49192 |
| 942 ## - ADDED ENTRY ELEMENTS (KOHA) | |
| Source of classification or shelving scheme | |
| Koha item type | Book |
| Withdrawn status | Lost status | Source of classification or shelving scheme | Damaged status | Not for loan | Permanent Location | Current Location | Shelving location | Date acquired | Total Checkouts | Full call number | Barcode | Date last seen | Price effective from | Koha item type |
|---|---|---|---|---|---|---|---|---|---|---|---|---|---|---|
| Military College of Engineering (MCE) | Military College of Engineering (MCE) | 01/05/2015 | 011 GOO | MCE-MCE 3.1 | 01/05/2015 | 03/14/2021 | Book |
